Statistics for 1987 New Zealand All Blacks Squad

Click here to take the quiz!

General Stats

  • This quiz has been taken 381 times
  • The average score is 21 of 27

Answer Stats

HintAnswer% Correct
First FiveGrant Fox
96%
HookerSean Fitzpatrick
96%
FlankerMichael Jones
95%
HalfbackDavid Kirk
94%
WingJohn Kirwan
94%
No 8Wayne Shelford
91%
FlankerAlan Whetton
90%
LockGary Whetton
90%
FullbackJohn Gallagher
87%
Loose ForwardZinzan Brooke
87%
CentreJoe Stanley
84%
HookerAndy Dalton
80%
WingCraig Green
78%
PropSteve McDowall
78%
PropRichard Loe
73%
PropJohn Drake
71%
WingTerry Wright
71%
CoachBrian Lochore
70%
First FiveFrano Botica
70%
Second FiveWarwick Taylor
70%
LockMurray Pierce
69%
HalfbackBruce Deans
65%
FullbackKieran Crowley
56%
FlankerMark Brooke-Cowden
53%
Lock/Loose ForwardAndy Earl
52%
LockAlbert Anderson
50%
Second FiveBernie McCahill
48%

Score Distribution

Percentile by Number Answered

Percent of People with Each Score

Your Score History

You have not taken this quiz